| 000 | 00506nam a2200157 i 4500 | ||
|---|---|---|---|
| 001 | 22760 | ||
| 003 | ES-MaACL | ||
| 005 | 20230906152743.0 | ||
| 007 | t| | ||
| 008 | 021204s1961 sp ||||1| spa d | ||
| 100 | 1 |
_aAlonso Sánchez, María Angeles. _920401 |
|
| 245 | 1 | 0 |
_aFrancisco Preciado de la Vega y la Academia de Bellas Artes / _cMaría Angeles Alonso Sánchez. |
| 260 |
_aMadrid : _bFacultad de Filosofía y Letras, _c1961. |
||
| 300 |
_a32 p. ; _c19 cm. |
||
| 852 |
_aES-MaACL _j2025-F-12 _bR.49569 |
||
| 999 |
_c22760 _d22760 |
||